Uniapravi Instituto Jurídico : (Registro nro. 8187)
[ vista simple ]
| 000 -LEADER | |
|---|---|
| fixed length control field | 01087nam a2200205Ia 4500 |
| 003 - CONTROL NUMBER IDENTIFIER | |
| control field | OSt |
| 005 - DATE AND TIME OF LATEST TRANSACTION | |
| control field | 20210908145307.0 |
| 008 - FIXED-LENGTH DATA ELEMENTS--GENERAL INFORMATION | |
| fixed length control field | 210310s1995 ck ao gr 100 0 spa d |
| 040 ## - CATALOGING SOURCE | |
| Original cataloging agency | CO-JMCR |
| Transcribing agency | CO-JMCR |
| 041 0# - LANGUAGE CODE | |
| Language code of text/sound track or separate title | spa |
| 082 04 - DEWEY DECIMAL CLASSIFICATION NUMBER | |
| Classification number | 332.722 / |
| Item number | C766u |
| Edition number | 23 |
| 111 2# - MAIN ENTRY--MEETING NAME | |
| Meeting name or jurisdiction name as entry element | Convención del Instituto Jurídico de Uniapravi. |
| Number of part/section/meeting | (17° : |
| Date of meeting or treaty signing | 1995 : |
| Location of meeting | Cartagena) |
| 9 (RLIN) | 38766 |
| 245 10 - TITLE STATEMENT | |
| Title | Uniapravi Instituto Jurídico : |
| Remainder of title | XVII Convención / |
| 260 ## - PUBLICATION, DISTRIBUTION, ETC. | |
| Place of publication, distribution, etc. | Cartagena : |
| Name of publisher, distributor, etc. | Instituto Jurídico Uniapravi, |
| Date of publication, distribution, etc. | 1995 |
| 300 ## - PHYSICAL DESCRIPTION | |
| Extent | 141 páginas ; |
| Other physical details | ilustraciones y fotografías a blanco y negro ; |
| Dimensions | 28 cm. |
| 505 0# - FORMATTED CONTENTS NOTE | |
| Formatted contents note | Titularización y fondos privados de pensiones y jubilación -- Diversificación de las asociaciones de ahorro y préstamo: Multibanca -- Novedades en los sistemas notariales y registrales -- Libre -- El impacto del Acuerdo de Basilea para las entidades financiadoras de vivienda |
| 650 14 - SUBJECT ADDED ENTRY--TOPICAL TERM | |
| Topical term or geographic name entry element | Fondos Privados |
| 9 (RLIN) | 16572 |
| Form subdivision | Congresos, conferencias, etc. |
| General subdivision | Pensiones y jubilación |
| 650 24 - SUBJECT ADDED ENTRY--TOPICAL TERM | |
| Topical term or geographic name entry element | Sistemas notariales y registrales |
| Form subdivision | Congresos, conferencias, etc. |
| General subdivision | Novedades |
| 9 (RLIN) | 38767 |
| 942 ## - ADDED ENTRY ELEMENTS (KOHA) | |
| Source of classification or shelving scheme | Dewey Decimal Classification |
| Koha item type | Books |
| Withdrawn status | Lost status | Source of classification or shelving scheme | Damaged status | Not for loan | Collection code | Home library | Current library | Date acquired | Source of acquisition | Full call number | Barcode | Date last seen | Copy number | Koha item type |
|---|---|---|---|---|---|---|---|---|---|---|---|---|---|---|
| Dewey Decimal Classification | Non-fiction | Biblioteca Pública José María del Castillo y Rada | Biblioteca Pública José María del Castillo y Rada | 04/15/2018 | Donación | 332.722 / C766u | 430003331 | 05/16/2024 | Ej.1 | Books |